| 000 | 01400nam0a2200289 4500 | ||
|---|---|---|---|
| 001 | RU\NLR\bibl\1334361 | ||
| 005 | 20260405083718.0 | ||
| 010 |
_a4-85493-110-9 _91000 |
||
| 021 |
_aRU _b2008-106714 _96291 |
||
| 035 | _a(NLR Aleph) 001319570 | ||
| 090 |
_a731143 _c731143 |
||
| 100 | _a20090302d2008 |||y0rusy50 ca | ||
| 101 | 0 | _arus | |
| 102 | _aRU | ||
| 105 | _aa ||||||||| | ||
| 200 | 1 |
_aРоманса грусть души _e[стихи] _fАнна Баканова-Подурец |
|
| 210 |
_aМосква _c[б.и.] _d2008 |
||
| 215 |
_a317 с. _cил., портр. _d17 |
||
| 327 | 1 | _aСодерж.: Циклы и разделы: Земля обетованная моя; Из писем земляков и одноклассников; "Грусть светлую люблю поэта..."; "Я все таки тебя любила..."; Моей семье; "Когда тревогой воздух напоен..."; "Большая жизнь на маленькой Планете..."; "Усталая томность прекрасной природы..." | |
| 686 | _aШ6(2=Р)75-5 | ||
| 700 | 1 |
_4070 _7ca _8rus _aБаканова-Подурец _bА. Г. _f1936- _gАнна Григорьевна _913131 _3RU\NLR\auth\7730104 |
|
| 801 | 0 |
_aRU _bNLR _c20090302 _gRCR |
|
| 801 | 1 |
_aRU _bNLR _c20090302 |
|
| 942 | _cBOOK | ||
| 980 | _aNB | ||